| 000 | 00869 a2200169 4500 | ||
|---|---|---|---|
| 003 | Nust | ||
| 005 | 20221110115955.0 | ||
| 020 | _a0673372820 | ||
| 040 | _cNust | ||
| 082 | _a512,SEN | ||
| 100 |
_aForesman,Scott _9102495 |
||
| 245 |
_aAdvanced Algebra / _cSharon L Senk, Denisse R Thompson |
||
| 260 |
_aUSA _bScott, Foresman and Company, Glenview, Illinois |
||
| 505 | _aThe language of Algebra (Page-2), Variations and Graphs (Page-56), Linear Relations (Page-124), Matrices (Page-180), Systems (Page-244), Parabolas and Quadratic Equations (Page-306), Functions (Page-374), Powers and Roots (Page-424), Exponents and Logarithms (Page-486), Trigonometry (Page-540), Polynomials (Page-604), Quadratic Relations (Page-666), Series, Combinations, and Statistics (Page-740), Dimensions and Space (Page-812). | ||
| 650 |
_aAlgebra _98509 |
||
| 942 |
_2ddc _cBK _k512,SEN |
||
| 999 |
_c182028 _d182028 |
||